00520nam a2200157 i 4500001000300000100002700003245008300030260002100113040000800134041000800142942000700150008004100157999001700198856009800215952004900313bg1 aKOWALEWSKI, Stanisław 0aWarunki sprawnego działania administracji terenowej /cStanisław Kowalewski. aWarszawa,c1981. cBPK apol cKS s pl f |000 0 pol  c20281d20281 uhttp://koha.tu.koszalin.pl/cgi-bin/koha/opac-detail.pl?biblionumber=20281yKatalog online BPK 00104070aBPKbBPKcwo28610p01305241yKS